| 000 | 00560nam a22001577a 4500 | ||
|---|---|---|---|
| 003 | NUST | ||
| 038 | _aNusrat Nadeem | ||
| 082 | _a200 | ||
| 100 |
_aChishty, Hadiqa Fatima _9134099 |
||
| 245 |
_aTranslation and Validation of the ESSENCE Q Scale into Urdu: Exploring developmental concerns in children/ _cHadiqa Fatima Chishty, |
||
| 264 |
_aIslamabad: _bS3H NUST, _c2026. |
||
| 650 |
_aMS-Clinical Psychology _9125310 |
||
| 700 |
_aSupervisor: Dr. Siddrah Irfan _9123074 |
||
| 856 | _u http://10.250.8.41:8080/xmlui/handle/123456789/57526 | ||
| 942 |
_2ddc _cSC |
||
| 999 |
_c617032 _d617032 |
||